| 000 | 00642nam a2200241Ia 4500 | ||
|---|---|---|---|
| 003 | OSt | ||
| 005 | 20221005091226.0 | ||
| 006 | a|||||r|||| 00| 0 | ||
| 007 | ta | ||
| 008 | 221004b |||||||| |||| 00| 0 eng d | ||
| 024 | _a121926 | ||
| 037 |
_bGift, 09/10/2012, _cTextual |
||
| 040 |
_aCRL _cCRL _beng |
||
| 041 |
_2eng _aeng |
||
| 082 | _aU25, J1 | ||
| 100 | _aCarson Rachel L. | ||
| 245 | 0 | _aSea around us | |
| 260 |
_aNew York _bOxford Unviersity Press U.S.A _c1951 |
||
| 300 |
_a230p. _ccm. |
||
| 650 | _aGEOGRAPHY | ||
| 942 |
_hU25, J1 _cTEXL _2cc |
||
| 999 |
_c996987 _d996987 |
||